00726nam a2200253 a 4500001001300000003000900013005001700022008004100039020002300080082001600103100001900119245003000138260004800168300000900216500003500225505001000260650001700270650001900287700001900306902000800325942000700333952011700340999001500457nice12345678IN_TiNIC20260116013046.0050524s1973 amea grp 000 0 eng  a0252024 c72000a953.03bDAW aDawn, C Ernest aFrom Ottomanism Toarabism aAmericabUniversity of Illinois Pressc1973 a206p aincludes index and biblioraphy2 aIndex aHistory-Arab aOttoman Empire1 aDawn, C Ernest bSRS cBK 001040708StackRoom-aHMIbHMId2007-04-02g720.00l0o953.03 DAWp016748r2007-04-02v720.00w2005-05-24yBK c9469d9469